Maranza - Statistics

Statistiche generali
  • Questo quiz è stato fatto 30 volte
  • Il punteggio medio è 131 su 272
Statistiche sulle risposte
Risposta % Corretto
i
95%
ma
89%
no!
84%
so
84%
a
79%
la
79%
maranza
79%
maranza.
79%
e
74%
è
74%
se
74%
sono
74%
un
74%
con
68%
di
68%
lo
68%
non
68%
Non
68%
per
68%
Per
68%
in
63%
Mamma
63%
mamma
63%
mi
63%
ti
63%
le
58%
cassa
53%
come
53%
da
53%
del
53%
ho
53%
il
53%
ne
53%
Scusa
53%
stare
53%
tua
53%
una
53%
alla
47%
banca
47%
che
47%
devi
47%
gli
47%
ha
47%
si
47%
sotto
47%
tutti
47%
amica
42%
bene
42%
calma
42%
chi
42%
col
42%
della
42%
gente
42%
però
42%
soldi
42%
tutto
42%
uno
42%
va
42%
bro!
37%
devo
37%
hanno
37%
locale
37%
passa
37%
passamontagna
37%
prendi
37%
scappa
37%
criminale
32%
dirlo
32%
esco
32%
gradi
32%
loro
32%
quaranta
32%
sento
32%
speso
32%
strade
32%
sua
32%
vacanza
32%
all'amica
26%
borsello
26%
gravidanza
26%
moto
26%
partire
26%
racconta
26%
sei
26%
strada.
26%
tipa
26%
c'ha
21%
chiesto
21%
condanna
21%
controllo
21%
l'orologio
21%
mai
21%
ora
21%
ore
21%
piazza
21%
piccola
21%
qualche
21%
sicuro
21%
tasca
21%
uomo
21%
vuoto
21%
zonzo
21%
amici
16%
avvicinato
16%
Barça
16%
chiamo
16%
como
16%
corso
16%
gira
16%
Marlboro
16%
Milano
16%
nuova
16%
sulla
16%
tuoi
16%
tuta
16%
zanza
16%
brutta
11%
diventare
11%
dove
11%
farlo
11%
Giravo
11%
pulluppato
11%
rispondi
11%
settimana
11%
SH.
11%
sogno
11%
solo
11%
vorrei
11%
wave
11%
Zitta
11%
fondo
5%
portando
5%
sopra
5%
stanno
5%
giri
0%
quattro
0%
Nessun quiz corrispondente trovato
Distribuzione punteggi
Percentuale di utenti per punteggio
Percentile per numero di risposta
I tuoi punteggi nel tempo
Non hai fatto questo quiz